Разработка системы моделирования технологии производства товарных бензинов: автореферат диссертации на соискание ученой степени кандидата технических наук; спец. 02.00.13

Bibliografiske detaljer
Hovedforfatter: Корниенко А. В. Андрей Васильевич
Institution som forfatter: Томский политехнический университет
Andre forfattere: Кравцов А. В. Анатолий Васильевич (научный руководитель)
Summary:Защита сост. 16.02.2000г.
Sprog:russisk
Udgivet: Томск, [Б. и.], 2000
Fag:
Format: MixedMaterials Bog
KOHA link:https://koha.lib.tpu.ru/cgi-bin/koha/opac-detail.pl?biblionumber=22631

MARC

LEADER 00000nam0a2200000 4500
001 22631
005 20231030194812.0
035 |a (RuTPU)RU\TPU\book\22844 
035 |a BOOK00000608 
090 |a 22631 
100 |a 20011209d2000 k y0rusy50 ca 
101 0 |a rus 
102 |a RU 
105 |a a dm 001zy 
200 1 |a Разработка системы моделирования технологии производства товарных бензинов  |e автореферат диссертации на соискание ученой степени кандидата технических наук  |e спец. 02.00.13  |f А. В. Корниенко  |g Томский политехнический университет; науч. рук. А. В. Кравцов 
210 |a Томск  |c [Б. и.]  |d 2000 
215 |a 23 с.  |c ил. 
300 |a Защита сост. 16.02.2000г. 
320 |a Библиогр.: с. 21-23 (12 назв.) 
452 1 |0 (RuTPU)RU\TPU\book\55924  |t Разработка системы моделирования технологии производства товарных бензинов  |o автореферат диссертации на соискание ученой степени кандидата технических наук:  |f А. В. Корниенко  |g Томский политехнический университет ; науч. рук. А. В. Кравцов  |c Томск  |d 2000  |a Корниенко, Андрей Васильевич 
610 1 |a нефть 
610 1 |a переработка 
610 1 |a бензины 
610 1 |a производство 
610 1 |a технология 
610 1 |a моделирование 
610 1 |a авторефераты диссертаций 
675 |a 665.633(04)  |v 3 
686 |a 02.00.13  |2 oksvnk 
700 1 |a Корниенко  |b А. В.  |g Андрей Васильевич 
702 1 |a Кравцов  |b А. В.  |c химик-технолог  |c профессор-консультант Томского политехнического университета, доктор технических наук  |f 1938-  |g Анатолий Васильевич  |2 stltpush  |3 (RuTPU)RU\TPU\pers\19827  |4 727 
712 0 2 |a Томский политехнический университет  |2 stltpush  |3 (RuTPU)RU\TPU\col\376 
801 0 |a RU  |b 63413507  |c 20011209  |g PSBO 
801 2 |a RU  |b 63413507  |c 20120221  |g PSBO 
942 |c BK